[Event "Linares 13th"]
[Site "Linares"]
[Date "1995.03.03"]
[Round "3"]
[White "Topalov, Veselin"]
[Black "Sokolov, Ivan"]
[Result "1-0"]
[WhiteElo "2630"]
[BlackElo "2645"]
[Annotator "Topalov,V"]
[PlyCount "75"]
[EventDate "1995.03.01"]
[EventType "tourn"]
[EventRounds "13"]
[EventCountry "ESP"]
[EventCategory "17"]
[SourceTitle "CBM 046"]
[Source "ChessBase"]
[SourceDate "1995.06.01"]
[SourceVersion "1"]
[SourceVersionDate "1995.06.01"]
[SourceQuality "1"]

1. e4 e5 2. Nf3 Nc6 3. Bb5 a6 4. Ba4 Nf6 5. O-O Be7 6. Re1 b5 7. Bb3 O-O 8. a4
b4 9. c3 d5 $5 10. exd5 Nxd5 (10... e4 11. dxc6 exf3 12. d4 fxg2 13. Bg5 Nd5 (
13... Bg4) (13... Re8 14. Qf3 Bg4 15. Qxg2 Bf5 16. Nd2 bxc3 17. bxc3 Rb8 18.
Re5 Bg6 19. Rae1 Kf8 20. h4 Ng8 21. Qf3 f6 22. h5 Bxh5 23. Qxh5 Rxb3 24. Nxb3
fxe5 25. Nc5 {1-0 Yudasin,L-Plachetka,J/Trnava 1983}) 14. Bxe7 (14. Bxd5 Bxg5
15. Bxg2) 14... Nxe7 15. Qf3 Be6 16. Nd2 Rb8 17. Bxe6 (17. Rab1 Rb6) 17... fxe6
18. Qg4 bxc3 19. bxc3 (19. Qxe6+ Kh8 20. Qxe7 cxd2 $14) 19... Ng6 20. Nc4 Nf4
21. Re4 h5 22. Qf3 Qh4 23. Rae1 g5 24. Qe3 Nh3+ 25. Kxg2 Rxf2+ 26. Kh1 Rxh2+
27. Kxh2 Nf4+ 28. Kg1 Qg4+ {0-1 Martin del Campo,R-Pein,M/Mexico open (11) 1991
}) 11. Nxe5 Nxe5 12. Rxe5 c6 (12... Nf6 $5) (12... Nf6 13. d4 Bd6 14. Re2 Rb8
15. c4 Nh5 16. Nd2 Nf4 17. Re3 c5 18. d5 Qg5 19. Rg3 Qe5 20. Re3 Ne2+ 21. Kf1
Qxh2 {-/+ Kremenietsky,A-Zaitsev,I/USSR 35/(437) 1983}) 13. d4 Bd6 14. Re1 Qh4
15. g3 Qh3 16. Be3 (16. Bc4 Bg4 17. Bf1 Qh5 18. Be2 Rae8 $1 (18... f5 $5) 19.
Bxg4 Rxe1+ 20. Qxe1 Qxg4 $15) 16... Bg4 17. Qd3 bxc3 $1 (17... Rae8 $6) 18.
Nxc3 (18. bxc3 $6) 18... Rfb8 $1 19. Bd1 $1 $8 (19. Bc4 Rxb2 20. Nxd5 Bxg3 $1
21. hxg3 Bf3 $19) 19... Rxb2 $2 (19... Bf5 20. Qd2 Nf6 21. Bg5 $8 Ng4 22. f3
Bxg3 23. fxg4 (23. hxg3 $2 Qxg3+ $19) 23... Bxe1 24. Qxe1 $10) 20. Bxg4 Qxg4
21. Nxd5 cxd5 22. Reb1 Rxb1+ 23. Rxb1 $16 {Es droth Rb6.Weiß stehet klar
besser dankbar beherschung des Offene b-Linie;Schwarze schwache bauern am
Damenflügel a6 und d5;bessere Königslage(schwache 8-Reihe).[Donev,I]} a5 $2 (
23... Qe4 24. Qxe4 dxe4 25. Rb6 $16) (23... Qf3 24. Rb6 Bf8 25. Rxa6 Rc8 26.
Qf1 $16) 24. Rb5 Qf3 25. Qb3 Bb4 26. Qxd5 Qd1+ 27. Kg2 Rf8 28. Qc4 $1 h6 $2 (
28... Qxa4 29. Bd2 Qa3 30. Bxb4 axb4 31. Rxb4 $16) 29. d5 Qxa4 30. d6 $1 $18
Qa1 31. d7 Qf6 32. Bb6 Be7 33. Bxa5 Qa6 34. Qd5 Kh7 35. Qe4+ g6 36. Re5 Bd6 37.
Rd5 Qa8 38. f3 1-0

[Event "Linares 13th"]
[Site "Linares"]
[Date "1995.03.09"]
[Round "7"]
[White "Topalov, Veselin"]
[Black "Illescas Cordoba, Miguel"]
[Result "1-0"]
[WhiteElo "2630"]
[BlackElo "2595"]
[Annotator "Ftacnik,L"]
[PlyCount "49"]
[EventDate "1995.03.01"]
[EventType "tourn"]
[EventRounds "13"]
[EventCountry "ESP"]
[EventCategory "17"]
[SourceTitle "CBM 046"]
[Source "ChessBase"]
[SourceDate "1995.06.01"]
[SourceVersion "1"]
[SourceVersionDate "1995.06.01"]
[SourceQuality "1"]

1. e4 c5 2. Nf3 Nc6 3. d4 cxd4 4. Nxd4 Nf6 5. Nc3 e5 6. Ndb5 d6 7. Bg5 a6 8.
Na3 b5 9. Bxf6 gxf6 10. Nd5 Bg7 11. c3 f5 12. exf5 Bxf5 13. Nc2 O-O 14. Nce3
Be6 15. Bd3 f5 16. Bc2 (16. O-O Ra7 17. Qh5 e4 18. Bc2 Qe8 19. Qxe8 Rxe8 20. f3
exf3 21. Rxf3 Ne5 22. Rg3 Rf7 23. Nf4 Nc4 24. Nxe6 $14 {Ivanchuk,V-Kramnik,V/
London PCA (3)/1994/0.5 (52)}) (16. Qh5 Qd7 (16... Ne7 17. Nxe7+ Qxe7 18. Nxf5
Qf6 {Vogt,L-Bukacek,E/Lenk op (8)/1991/1-0 (18)} 19. Ne7+ $1 Qxe7 20. Bxh7+ (
20. Qxh7+ Kf7 21. Bg6+ Kf6 22. Qh4+ Kxg6 23. Qxe7 $18) 20... Kh8 21. Bf5+ $1
Kg8 22. Qh7+ Kf7 23. Qg6+ Kg8 24. Bxe6+ $18) (16... e4 17. Bc2 Ne7 18. Bb3 Nxd5
19. Nxd5 a5 20. Nf4 Bxb3 21. axb3 Qe7 22. O-O b4 $5 23. cxb4 Qe5 24. Qg5 {
Adams,M-Beliavsky,A/Debrecen/1992/0.5 (54)}) 17. g4 e4 18. Bc2 Rae8 19. O-O-O
Ne5 20. gxf5 Bxf5 21. Nb6 Bg4 22. Nxd7 Bxh5 23. Nxf8 Bxd1 24. Nxd1 {Vogt,
L-Klundt,K/Bad Woerishofen op (08)/1992/0-1 (42)}) 16... Bh6 {Black have
prepared an agressive plan in order to avoid positional problems with pawn
chain d6-e5-f5.} (16... Ne7 17. Bb3 (17. O-O Ng6 18. f3 Bh6 19. Re1 Ra7 20. b4
Rg7 21. Kh1 Nh4 22. Re2 f4 23. Nf1 {Larduet,C-Ochoa De Echaguen,F/Capablanca
mem-C (12)/1992/0-1 (23)}) 17... Kh8 18. Nxe7 Qxe7 19. Qh5 h6 20. O-O f4 21.
Nd5 Bxd5 22. Bxd5 Rab8 {Jansson,A-Kytoniemi,J/Osterskan op/1994/0.5 (23)}) 17.
O-O Ra7 (17... f4 18. Qh5 Qg5 (18... fxe3 $2 19. Qxh6 exf2+ 20. Rxf2 Rxf2 21.
Bxh7+ Kf7 22. Bg6+ Kg8 23. Qh7+ Kf8 24. Qh8+ Bg8 25. Qh6#) 19. Qxg5+ Bxg5 20.
Nc7 fxe3 21. Nxe6 exf2+ 22. Rxf2 Be3 23. Nxf8 Rxf8 24. Raf1 $14) 18. f4 Qh4 (
18... Raf7) 19. g3 Rg7 $2 {This backfires badly. Black should have noticed,
that in case should his attack fail center was left dangerously unprotected.} (
19... Qh3 20. a4 $14 (20. Nc7 Rxc7 21. Qxd6 Re7 22. Nd5 Bxd5 23. Qxd5+ Rff7 24.
Qxc6 exf4 $40) (20. Ng2 Nd4 21. cxd4 Bxd5 $132)) 20. Nc7 $1 {Illescas was
reportedly shocked by this surprising jump, since he must have had the
position on the board at home!} exf4 (20... Rxg3+ 21. hxg3 Qxg3+ 22. Ng2 Bc4
23. Qf3 $18) 21. Ng2 Qh3 (21... Qe7 22. Nxe6 Qxe6 23. Bb3 $18) 22. Rxf4 $1 {
Few tactical blows have decided the issue before black had got any chance to
fire a single shot.} (22. Nxe6 fxg3 23. hxg3 Be3+ $1 24. Rf2 (24. Nxe3 Qxg3+
$19) 24... Bxf2+ 25. Kf1 Bxg3 $19) 22... Bxf4 (22... Rxc7 23. Rh4 Qxh4 24. Nxh4
$16) 23. Nxf4 Rxg3+ 24. Kh1 $1 (24. hxg3 Qxg3+ 25. Ng2 Ne5 $1 26. Nxe6 Nf3+ 27.
Qxf3 Qxf3 28. Nxf8 Qe2 29. Bxf5 Kxf8 30. Rf1 Qxb2 31. Bc8+ Kg7 $13) 24... Qh6 (
24... Qh4 25. Ncxe6 $18) (24... Qg4 25. Ncxe6 $18) 25. Qxd6 (25. Qxd6 Nd8 26.
Nfxe6 $18) (25. Ncxe6 $18) 1-0

[Event "Amsterdam Euwe Memorial"]
[Site "Amsterdam"]
[Date "1995.05.12"]
[Round "1"]
[White "Topalov, Veselin"]
[Black "Piket, Jeroen"]
[Result "1-0"]
[WhiteElo "2630"]
[BlackElo "2670"]
[Annotator "Ftacnik,L"]
[PlyCount "79"]
[EventDate "1995.05.12"]
[EventType "tourn"]
[EventRounds "6"]
[EventCountry "NED"]
[EventCategory "18"]
[SourceTitle "CBM 047"]
[Source "ChessBase"]
[SourceDate "1995.08.01"]
[SourceVersion "1"]
[SourceVersionDate "1995.08.01"]
[SourceQuality "1"]

1. e4 e5 2. Nf3 Nc6 3. Bb5 a6 4. Ba4 Nf6 5. O-O Be7 6. Re1 b5 7. Bb3 d6 8. c3
O-O 9. h3 Bb7 10. d4 Re8 11. Nbd2 h6 12. Bc2 Bf8 13. d5 Ne7 14. c4 (14. b3 c5
15. a4 Nd7 16. Nf1 f5 17. c4 bxc4 18. bxc4 f4 19. h4 g5 20. hxg5 Ng6 21. gxh6
Bxh6 22. Ng3 Kh7 23. Nf5 Nf6 24. Nh2 {Smagin,S-Blatny,P/Stary Smokovec (2)/
1990/1-0 (46)}) 14... c6 15. b3 cxd5 (15... Rb8 16. Nf1 g6 17. Ng3 Bg7 18. a4
cxd5 19. cxd5 Rf8 20. Bd2 Nh7 21. Qc1 Rc8 22. axb5 axb5 23. Ra2 f5 24. Bxh6 {
Klovans,J-Siegel,G/Biel op (03)/1994/1-0 (77)}) (15... Qa5 16. Nf1 Reb8 17. Bd2
Qd8 18. Ng3 a5 19. Bd3 Nd7 20. Bf1 bxc4 21. bxc4 cxd5 22. cxd5 f5 $13 {
Kereszturi,S-Glatt,G/HUN-chT 9293/1993/0-1 (66)}) 16. cxd5 Rc8 17. Nf1 Nh5 18.
a4 (18. Nxe5 $2 dxe5 19. Qxh5 Rxc2 $19) 18... Qc7 19. Bd3 f5 (19... Qc3 20. Rb1
$14) 20. axb5 fxe4 21. Rxe4 $1 (21. Bxe4 axb5 $132) 21... Qc3 (21... Bxd5 22.
Bc4 $1 Nf6 23. bxa6 $16) 22. Ba3 Nf6 (22... Nf4 23. bxa6 Bxd5 24. Re3 Bxb3 $6
25. Qb1 $1 $18) 23. Bxd6 $1 Nxe4 24. Bxe4 axb5 25. Ra7 Rcd8 $1 (25... Ba8 26.
Bxe5 $16) 26. Rxb7 Rxd6 27. Rxb5 Nc6 28. Qe2 Nd4 29. Nxd4 Qxd4 (29... exd4 30.
Bh7+ Kf7 31. Bg8+ $1 Kxg8 32. Qxe8 $18) 30. Ng3 Rf6 (30... g6 31. Qc2 $40) 31.
Nf5 Qa7 32. b4 $1 (32. d6 Bxd6 33. Rb7 Qa1+ 34. Kh2 Rxf5 $1 35. Bxf5 e4+ 36. g3
Qf6 37. Bxe4 $140 Rxe4 $1 38. Qxe4 Qxf2+ 39. Qg2 Bxg3+ 40. Kh1 Qe1+ 41. Qg1
Qe4+ $10) 32... Rc8 $6 (32... Qd7 $1 $14) 33. d6 $1 g6 (33... Bxd6 34. Rb7 Qxb7
(34... Qa1+ 35. Kh2 Rxf5 36. Qg4 $1 $18) 35. Bxb7 Rc1+ 36. Kh2 Rxf5 37. Qd2 Rc7
38. Bd5+ Kh8 39. Be6 $18) 34. Bd5+ Kh8 35. Qxe5 Bg7 36. Nxg7 Qxg7 37. d7 (37.
Rb7 Qf8 38. d7 $18 (38. Rf7 $2 Rc1+ 39. Kh2 Qxd6)) 37... Rc1+ 38. Kh2 Rf8 39.
f4 (39. Qd6 $18) 39... Rd1 (39... Qxe5 40. fxe5 Rd8 41. e6 $18) 40. Rb8 1-0

[Event "Rubinstein Memorial 32nd"]
[Site "Polanica Zdroj"]
[Date "1995.??.??"]
[Round "1"]
[White "Topalov, Veselin"]
[Black "De Firmian, Nick E"]
[Result "1-0"]
[WhiteElo "2640"]
[BlackElo "2605"]
[Annotator "Dolmatov,S"]
[PlyCount "87"]
[EventDate "1995.08.??"]
[EventType "tourn"]
[EventRounds "11"]
[EventCountry "POL"]
[EventCategory "14"]
[SourceTitle "CBM 049"]
[Source "ChessBase"]
[SourceDate "1995.12.01"]
[SourceVersion "1"]
[SourceVersionDate "1995.12.01"]
[SourceQuality "1"]

1. e4 {Baburin} c5 2. Nf3 d6 3. d4 cxd4 4. Nxd4 Nf6 5. Nc3 a6 6. Be3 e5 7. Nb3
Be6 8. f3 Nbd7 9. g4 Be7 (9... b5 10. g5 Nh5 11. a4 b4 12. Nd5 $40) 10. Qd2 O-O
11. O-O-O b5 12. g5 b4 13. Ne2 Nh5 (13... Ne8 14. Ng3 a5 15. Kb1 a4 16. Nc1 Nc7
17. f4 $16 {Smirin,I-De Firmian,N/Polanica Zdroi (4)/1995/}) 14. Ng3 Nf4 15. h4
a5 16. Kb1 a4 17. Nd4 (17. Nc1 $5) 17... exd4 18. Bxf4 Qa5 $6 (18... Ne5 $5 19.
Nf5 $5 (19. Be2 Qc7 20. Nf5 (20. Qxd4 $2 Bxa2+ 21. Kxa2 b3+ $17) 20... Bxf5 21.
exf5 Rfc8 22. Rc1 a3 23. b3 Qc3) 19... Nxf3 (19... Bxf5 20. exf5 Qc7 21. Qxd4
$16) 20. Qd3 Ne5 21. Qxd4 $40) 19. Nf5 $1 (19. Qxd4 Rfc8 20. Bd3 Ne5 $14) 19...
Bxf5 20. exf5 Qxf5 21. Qxd4 $16 b3 (21... Ne5 $2 22. Bh3 Qg6 23. h5 Qxh5 24.
Bf5 $18) 22. Bd3 bxa2+ 23. Ka1 {Baburin: The same opening line and the same
middlegame idea, as in Smirin-De Firmian (CBM 49).} Qc5 24. Qe4 (24. Be4 Qxd4
25. Rxd4 Ra6 26. Rhd1 Nc5 $16) 24... g6 25. Be3 (25. Qxe7 $6 a3 26. Bc1 axb2+
27. Bxb2 Rfb8 $132) 25... Qe5 26. Bd4 Qxe4 27. Bxe4 Ra5 {/\d5} 28. Bc3 $1 Rc5 (
28... Ra6 29. h5 Bxg5 30. hxg6 $18) 29. Bb4 Rc4 30. Bxd6 Bxd6 31. Rxd6 $18 Nc5
32. Rc6 Rd8 33. h5 Kf8 34. hxg6 hxg6 35. Kxa2 Ke7 36. Bd3 Kd7 37. Bxc4 Kxc6 38.
Bxf7 Rf8 39. Bxg6 Rxf3 40. Rg1 Kd6 41. Bh7 Rf7 42. Bg8 Rg7 43. Bc4 Ke5 44. g6
1-0

[Event "Rubinstein Memorial 32nd"]
[Site "Polanica Zdroj"]
[Date "1995.??.??"]
[Round "3"]
[White "Topalov, Veselin"]
[Black "Smirin, Ilia"]
[Result "1-0"]
[WhiteElo "2640"]
[BlackElo "2630"]
[Annotator "Ribli,Z"]
[PlyCount "73"]
[EventDate "1995.08.??"]
[EventType "tourn"]
[EventRounds "11"]
[EventCountry "POL"]
[EventCategory "14"]
[SourceTitle "CBM 049"]
[Source "ChessBase"]
[SourceDate "1995.12.01"]
[SourceVersion "1"]
[SourceVersionDate "1995.12.01"]
[SourceQuality "1"]

1. e4 {Krasenkov,M Ftacnik} c5 2. Nf3 Nc6 3. d4 cxd4 4. Nxd4 e6 5. Nc3 Qc7 6.
Be3 a6 7. Bd3 b5 8. O-O Bb7 9. Qe2 Nf6 10. Kh1 (10. a3 {Ftacnik} Be7 11. f4 d6
12. Nf3 (12. Rad1 O-O 13. f5 Nxd4 14. Bxd4 e5 15. Bf2 Rfe8 16. Bh4 Rad8 17. Kh1
Nd7 18. Bxe7 Rxe7 19. a4 b4 20. Nd5 Bxd5 21. exd5 a5 22. f6 Nxf6 23. Rxf6 e4
24. Rf2 exd3 25. Qxd3 Qc5 {Przewoznik-Gdanski,J/Naleczow (02)/1988/0.5 (60)}) (
12. Kh1 O-O 13. Rae1 Rac8 14. Rf3 Nxd4 15. Bxd4 e5 16. fxe5 dxe5 17. Be3 Qd6 $2
(17... Ne8 $5 18. Rg3 Bf6) 18. Bg5 Nd7 19. Bxe7 $2 (19. Rd1 Qe6 20. Bxe7 Qxe7
21. a4 b4 22. Nd5 Bxd5 23. exd5 Nc5 24. d6 $16) 19... Qxe7 20. a4 b4 21. Nd5
Bxd5 22. exd5 Nc5 $132 {Tkachiev,V-Brodsky,M/Wijk op/1995/0.5 (39)}) 12... O-O
13. Rae1 b4 $1 14. Nd1 $2 (14. Na4 bxa3 15. bxa3 d5 $1) 14... bxa3 15. bxa3 e5
$1 16. Nf2 exf4 17. Bxf4 Ne5 $1 18. Nxe5 dxe5 19. Bg5 $2 h6 20. Bxf6 Bxf6 21.
Ng4 Be7 22. Bc4 Bc8 $2 (22... Rad8 $1 $17 {Karpov,An}) 23. Bd5 Ra7 24. a4 Qc3
25. Ne3 $10 {Polgar,J-Ljubojevic,Lj/Buenos Aires/1994/0-1 (51)}) (10. Rad1 {
Ftacnik} Be7 11. f4 O-O 12. e5 Ne8 13. Qh5 f5 14. Bxf5 exf5 15. Nxf5 d6 16. Nd5
Qd7 17. g4 Bd8 18. exd6 Nxd6 19. Bc5 Rxf5 20. gxf5 Qxf5 21. Qxf5 Nxf5 22. Rfe1
$17 {Geller,E-Gipslis,A/Moscow/1969/0-1 (31)}) (10. h3 {Ftacnik} Be7 11. f4 d6
12. Nf3 O-O 13. a3 b4 14. Na4 Nd7 15. c3 bxa3 16. b4 d5 17. e5 g6 18. Qf2 f6
19. exf6 Bxf6 20. Qa2 Kh8 21. Qxa3 e5 22. fxe5 Ncxe5 23. Nxe5 Nxe5 24. Rad1 d4
25. cxd4 Nf3+ 26. Rxf3 Bxf3 $17 {Romanishin,O-Balashov,Y/URS-ch/1979/0-1 (36)})
10... Be7 (10... Bb4 $5 11. a4 Bxc3 12. bxc3 Nxd4 13. cxd4 Nxe4 14. axb5 axb5
15. Rxa8+ Bxa8 16. Bxb5 O-O $10 {Topalov,V-Benjamin,J/Groningen PCA/1993/CBM39/
Topalov-Benjamin, Groningen 1993}) 11. f4 d6 12. a4 $5 {Weiss hat eine
interessante Idee, weil er normalerweise am Koeningsfluegel spielt.} (12. Nxc6
{Ftacnik} Bxc6 13. Bd4 e5 14. fxe5 dxe5 15. Bf2 b4 16. Nd1 O-O 17. Bh4 Ne8 18.
Bxe7 Qxe7 19. a3 a5 20. axb4 Qxb4 21. Qe1 Qxe1 22. Rxe1 Nd6 23. Nc3 a4 {
Djoric,D-Rajkovic,D/Nis op/1993/0-1 (42)}) 12... b4 13. Na2 d5 (13... O-O 14.
Nxc6 Bxc6 15. Nxb4 Bxe4 16. Bxa6 $16) (13... Rb8 14. c3 bxc3 15. Nxc3 Nb4 16.
Rac1 $36) 14. e5 Ne4 (14... Nd7 {Ftacnik} 15. Nxc6 Qxc6 16. a5 {xb4}) 15. c3 $5
bxc3 16. Nxc3 Nb4 (16... Nxc3 $2 17. bxc3 O-O 18. Nxc6 (18. Rf3 $40 {Ftacnik})
18... Bxc6 19. Bd4 $40 {/\ f5}) (16... Nc5 {Krasenkov,M}) 17. Rac1 Nxd3 18.
Qxd3 (18. Nxd5 $6 Qxc1 19. Bxc1 Nef2+ 20. Rxf2 Nxf2+ 21. Qxf2 Bxd5 22. f5 Rc8
23. Be3 Kd7 $13) 18... Qb8 {Der Nachziehende braucht noch einen Zug ( 0-0 )
und dann ist alles in Ordnung. Mit dem folgenden Bauernopfer will Weiss seine
Initiative behalten.} (18... Nxc3 19. Rxc3 Qd7 20. f5 $40 (20. Rfc1 $36 {
Ftacnik})) 19. f5 $1 Qxe5 (19... Nxc3 {Ftacnik} 20. fxe6 (20. Qxc3 {Krasenkov,M
} Qxe5 21. Bf4 Qf6 22. Qc7) (20. Rxc3 Qxe5 21. Bf4) 20... fxe6 (20... Ne4 21.
exf7+ Kd8 22. Ne6+ Kd7 23. Nc7 $18) 21. Rxc3 $40) 20. fxe6 fxe6 {[#] [#]} (
20... O-O {Ftacnik} 21. Rf5 Qd6 (21... Nc5 {Krasenkov,M} 22. Qd2 Qd6 23. exf7+
Rxf7 24. Rxf7 Kxf7 25. Nf5) 22. Nxe4 dxe4 23. Qb3 $16) 21. Ncb5 $1 {Der
Schluesselzug.} Nc5 (21... axb5 $2 22. Qxb5+ Kd8 23. Qxb7 $18) (21... Rc8 {
Ftacnik} 22. Rxc8+ (22. Bf4 Rxc1 $1) 22... Bxc8 23. Nc6 Qxb2 24. Nc7+ Kd7 25.
Nxd5 $40) 22. Qe2 {Droht /\ b4 oder Nf3} Rc8 (22... axb5 23. Qxb5+ Kd8 (23...
Nd7 24. Qxb7 Rb8 (24... Rd8 {Ftacnik} 25. Nb5 $18) 25. Rc8+ $18) 24. Rxc5 $1 (
24. Qb6+ Ke8 25. Rxc5 Qxe3 (25... Bxc5 26. Qxb7 $18) 26. Qxb7 $18) 24... Bxc5 (
24... Qxe3 25. Qxb7 $18) 25. Rf7 $1 (25. Qxb7 $18) 25... Qd6 26. Bg5+ $18) 23.
Na7 Rc7 (23... Ra8 {Ftacnik} 24. Nac6 Qd6 25. Bf4 Qd7 26. Nxe7 Qxe7 27. b4 $18)
(23... Bd6 $2 {Ftacnik} 24. Nf3 $18) (23... Rb8 {Krasenkov,M} 24. Nac6 Bxc6 25.
Nxc6 Rxb2 26. Qf3) 24. b4 $1 Nxa4 (24... Ne4 25. Rxc7 (25. Bf4 $2 Qxf4 26. Rxf4
Rxc1+ 27. Rf1 Rxf1+ 28. Qxf1 Rf8 $17) 25... Qxc7 26. Nxe6 Qe5 27. Qg4 $16) 25.
Nac6 (25. Rxc7 {Krasenkov,M} Qxc7 26. Nxe6 Qe5) 25... Qe4 (25... Bxc6 26. Nxc6
Rxc6 (26... Qe4 27. Rf4 Qg6 (27... Rxc6 {Ftacnik} 28. Rxc6 (28. Rxe4 Rxc1+ 29.
Bxc1 dxe4 30. Qxa6 O-O $16) 28... Qb1+ 29. Bg1 $18) 28. Qxa6 $18) (26... Qb2
27. Qxa6 $18) 27. Rxc6 d4 28. Qxa6 dxe3 29. Qc8+ Bd8 30. Rxe6+ $18) (25... Qd6
{Ftacnik} 26. Bf4 $18) 26. Rf4 Qg6 27. Rg4 Qf7 {[#]} (27... Qf6 {Krasenkov,M}
28. Rf1) 28. Rxg7 $1 {Eine kleine, aber huebsche Kombination entscheidet die
gut gespielte Partie.} Qxg7 29. Nxe6 Qb2 (29... Qxg2+ {Ftacnik} 30. Qxg2 Rxc6
31. Rxc6 Bxc6 32. Bd4 $18) 30. Nxc7+ Kd7 (30... Kf7 {Ftacnik} 31. Qh5+ $18) 31.
Qxb2 Nxb2 32. Ne5+ Kd6 (32... Kc8 {Ftacnik} 33. Nxd5+ Kd8 34. Nf7+ Ke8 35. Nxh8
$18) 33. Nf7+ Kd7 34. Ne5+ (34. Nxh8 $18) (34. Nxh8 {Ftacnik} Bd6 35. Nxa6 Bxa6
36. Ra1 $18) 34... Kd6 35. Bf4 Rf8 (35... Rc8 {Ftacnik} 36. Nc4+ Kc6 37. Nxb2+
Kd7 38. Na4 $18) (35... Rg8 {Krasenkov,M} 36. Nd3+ Kd7 37. Nxb2 d4 38. Bg3 (38.
Rc2 Rf8) 38... Bd6 39. Na4 $1 Bxg3 40. hxg3 Kd6 (40... d3 41. Nxa6 $18) 41. b5
Rxg3 42. bxa6 $18) 36. Nc4+ Kd7 (36... Kc6 {Ftacnik} 37. Nxb2+ $18) 37. Nb6+ (
37. Nb6+ Kd8 38. Ne6+ Ke8 39. Nxf8 $18) 1-0

[Event "Elenite"]
[Site "Elenite"]
[Date "1995.??.??"]
[Round "5"]
[White "Topalov, Veselin"]
[Black "Short, Nigel D"]
[Result "1-0"]
[WhiteElo "2670"]
[BlackElo "2645"]
[Annotator "Topalov,V"]
[PlyCount "86"]
[EventDate "1995.09.??"]
[EventType "tourn"]
[EventRounds "9"]
[EventCountry "BUL"]
[EventCategory "15"]
[SourceTitle "CBM 050"]
[Source "ChessBase"]
[SourceDate "1996.02.01"]
[SourceVersion "1"]
[SourceVersionDate "1996.02.01"]
[SourceQuality "1"]

1. e4 {Dolmatov} e5 2. Nf3 Nc6 3. Bb5 a6 4. Ba4 Nf6 5. O-O Be7 6. Re1 b5 7. Bb3
O-O 8. h3 $5 Bb7 (8... d6 9. c3) 9. d3 Re8 (9... d6 {Dolmatov} 10. c3 Na5 11.
Bc2 c5 12. Nbd2 Qc7 13. Nf1 Rfe8 14. Ng3 d5 15. exd5 $14 {Psakhis,L-Malaniuk,V/
URS/1987/}) 10. c3 Bf8 (10... h6) 11. Bg5 $1 (11. Nbd2 d5) (11. Ng5 $6 d5 12.
exd5 Na5 13. c4 h6 $44) 11... h6 12. Bh4 d6 13. Nbd2 (13. a4 $5 {/\ 14.Na3+/=})
13... g6 (13... Nb8 14. Nf1 Nbd7 15. Ne3 $14) 14. Nf1 Bg7 15. Qd2 $1 (15. Ne3
Qd7) 15... Qe7 (15... Nb8 16. Ne3 Nbd7 17. Ng4 g5 18. Nxh6+ Bxh6 19. Bxg5 Bg7
20. Nh4 $40) (15... Qd7 {Dolmatov} 16. Ne3 Kh7 (16... Ne7 $2 17. Bxf6 Bxf6 18.
Ng4 $16)) 16. Ne3 Qf8 17. a4 (17. Bxf6 $5 Bxf6 18. Nd5 Bd8 19. a4 $36 (19. Nh2
{Dolmatov} Kh7 (19... Na5 $6 20. Ng4 Nxb3 21. Ngf6+ Kh8 22. axb3 Re6) 20. f4
$40) (19. d4 Na5)) 17... Ne7 18. Bxf6 (18. axb5 $142 axb5 19. Rxa8 Rxa8 20.
Bxf6 $36) 18... Bxf6 19. Ng4 Bg7 20. axb5 axb5 21. Rxa8 Bxa8 22. d4 Nc8 $6 (
22... h5 $1 23. Ne3 c5 $13) 23. Qd3 $14 exd4 (23... c6 {Dolmatov} 24. d5 $14)
24. Nxd4 h5 25. Nh2 d5 $5 (25... Bxd4 26. cxd4 c5 27. dxc5 dxc5 28. Qxb5 Rxe4
29. Rxe4 Bxe4 30. Nf1 $14) (25... c6 {Dolmatov} 26. Nhf3 Qe7 $14) 26. Nxb5 Qc5
$1 (26... dxe4 $6 27. Qg3 Kh7 28. Qxc7 Re7 29. Qa5 $16) 27. Ra1 $1 (27. Rd1
dxe4 (27... Rxe4 28. Bxd5 Bxd5 29. Qxd5 Re1+ 30. Nf1 Qxd5 31. Rxd5 c6 32. Rd8+
Bf8 33. Nd4 $16) 28. Qd7 Rf8 $1 29. Bxf7+ Kh8 30. Nd4 Nb6 31. Qe6 Bd5 $19)
27... Nb6 $1 (27... dxe4 $2 28. Qd7 Bc6 29. Qxf7+ Kh7 30. Nxc7 Rf8 31. Qxg7+
$18) (27... Bc6 28. Nxc7 dxe4 29. Qc4 Qxc4 30. Bxc4 Rd8 $132) 28. exd5 Bxd5 29.
Bxd5 Nxd5 30. Nf3 $1 $14 Rb8 (30... Nf4 {Dolmatov} 31. Qd7 Re2 32. Nbd4 $16)
31. Nbd4 Rxb2 $5 (31... Bxd4 32. cxd4 $14) 32. Ra8+ Bf8 (32... Kh7 {Dolmatov}
33. Ng5+ $18) 33. Ne5 $1 Qxc3 $1 $8 (33... Nxc3 34. Rxf8+ Qxf8 35. Qxc3 $16) (
33... Nb6 34. Re8 $16) (33... Qd6 34. Nc4 $18 (34. Nc4 {Dolmatov} Nf4 35. Qe4
$16)) 34. Qxc3 Nxc3 35. Nd7 Kg7 (35... Rd2 {Dolmatov} 36. Nxf8 $18) 36. Nxf8
Rd2 37. Nb3 $1 (37. Nf3 $6 Rd1+ 38. Kh2 Ne4) (37. Nc6 $6 Ne4 38. f3 Ng3 39. h4
Nf5) 37... Rd5 $10 {>< Nf8} 38. Kh2 (38. h4 Ne2+ 39. Kh2 Nd4 40. Nd2 Nf5 $10)
38... h4 (38... Ne4 39. f3 Nf6 $10) 39. Re8 Nb5 40. Rc8 Nd4 $2 $138 (40... Rg5)
(40... g5) (40... Nd6 {Dolmatov} 41. Rd8 $18) 41. Nd2 $1 {/\ Nd2-e4, Nf8-h7} c5
42. Ne4 $18 Nb3 43. Nh7 $1 Nd2 (43... Nd2 44. Nhf6 Nf1+ 45. Kg1 Rd1 46. Rg8+
Kh6 47. Ng4+ Kh5 48. Rh8#) 1-0